00333nam a2200133Ia 4500008004100000041000800041082001200049100001900061245002600080250001400106260003800120300003000158365001100188240624s9999 xx 000 0 und d aeng a658 MAH aMAHESHWARI S R aINDIAN ADMINISTRATION a(6th ed.) c2010aNew DelhibOrient BlackSwan axi, : 650 : p. : cm. ; 21 cRSb20